| 000 | 00000nam##2200000za#4500 |
| 001 | 9.571716 |
| 003 | CaOODSP |
| 005 | 20210624182849 |
| 007 | cr ||||||||||| |
| 008 | 150406|2000||||xxc|||||o f|0| 0 eng|d |
| 040 | |aCaOODSP|beng |
| 043 | |an-cn--- |
| 086 | 1 |aNH18-23/40E-PDF |
| 110 | 2 |aCanada Mortgage and Housing Corporation. |
| 245 | 10|aHousing Canada's youth |h[electronic resource] |
| 260 | |aOttawa - Ontario : |bCanada Mortgage and Housing Corporation |c[2000]. |
| 300 | |a4p.|bgraphs, table |
| 490 | 1 |aResearch highlight. Socio-economic series |v40 |
| 590 | |a11-22-Supp|b2011-10-13 |
| 690 | 07|aYoung adults|2gcpds |
| 690 | 07|aHousing|2gcpds |
| 690 | 07|aSocial trends|2gcpds |
| 775 | 08|tLe logement des jeunes au Canada |w(CaOODSP)9.602141 |
| 776 | 0#|tHousing Canada's youth |w(CaOODSP)9.615341 |
| 830 | #0|aResearch highlight. Socio-economic series ;|v40|w(CaOODSP)9.505168 |
| 856 | 40|ahttp://publications.gc.ca|qPDF|s169 KB|uhttps://publications.gc.ca/collections/Collection/NH18-23-40E.pdf|y40 |